| 000 | 01172nam0a22002891 4500 | ||
|---|---|---|---|
| 001 | rc\2248458 | ||
| 005 | 20250623070129.0 | ||
| 035 | _a(NLR Aleph) 006652386 | ||
| 090 |
_a4808017 _c4808017 |
||
| 100 | _a20110829d1979 |||y0rusy50 ca | ||
| 101 | 0 | _arus | |
| 102 | _aRU | ||
| 105 | _aa z ||||| | ||
| 200 | 1 | _aПрименение низкотемпературной плазмы в химической промышленности | |
| 210 |
_aМосква _cНИИТЭХим _d1979 |
||
| 215 |
_a49 с. _cил. _d20 |
||
| 225 | 1 |
_aОбзоры _fМеждунар. система науч. и техн. информ. по химии и хим. пром-сти, Постоян. комис. СЭВ по хим. пром-сти _iСовременные проблемы химии и химической промышленности _vВып. 13 (82) |
|
| 300 | _aАвт. указан на 3-й с. | ||
| 320 | _aБиблиогр.: с. 40-47 | ||
| 700 | 1 |
_aГебекер _bД. |
|
| 801 | 0 |
_aRU _bNLR _gpsbo |
|
| 801 | 1 |
_aRU _bELAR _2rusmarc |
|
| 852 |
_aNLR _jП10/5013 |
||
| 899 |
_aRuMoRGB _jXXIV 281/63 |
||
| 899 |
_aRuMoRGB _jXXIV 281/64 |
||
| 942 | _cBOOK | ||
| 980 | _aNB | ||